Statistics for Квиз о Монаку

Click here to take the quiz!

General Stats

  • This quiz has been taken 116 times
  • The average score is 7 of 17

Answer Stats

ОписОдговор% Correct
Једина држава са којом се граничиФранцуска
98%
Званичан језикФранцуски
95%
Море на које Монако излазиСредоземно море
88%
Држава са сличном заставом:
Индонезија
84%
Грађани Монака имају најдужи _______ ___ на свету, скоро 90 годинаЖивотни век
71%
Монако је ___________ држава на свету, испред Лихтенштајна и КатараНајбогатија
55%
За Монако се сматра да је ова врста раја{Порески} рај
38%
Америчка глумица која се удала за принца Ренијеа III 1956.Грејс Кели
29%
Тренутни владарАлберт II
28%
Чувени казино отворен 1863.Монте Карло
25%
Монако се налази у овој приморској областиФранцуска {Ривијера}
25%
Херој из грчке митологије,који је према легенди изградио луку у МонакуХеракле
20%
Оближњи италијански град који је изградио тврђаву на стени од Монака 1215. ,тај догађај се сматра почетком модерне историје МонакаЂенова
15%
Важан спортски догађај који се одржава од 1929.Велика награда Монака
13%
Владарска кућа МонакаГрималди
11%
Дијалект лигуријског говора којим се говори у МонакуМоначански
3%
Монако има највећу _____ на светуГустина насељености
2%

Score Distribution

Percentile by Number Answered

Percent of People with Each Score

Your Score History

You have not taken this quiz